Riconosci il Pokémon - Quiz n°321 - Statistics

Statistiche generali
  • Questo quiz è stato fatto 0 volte
  • Il punteggio medio è 0 su 10
Statistiche sulle risposte
Indizio Risposta % Corretto
Altezza 0,3 m; > 30,0 m (Gigamax)
0%
Peso 0,5 kg; ???,? kg (Gigamax)
0%
Sesso 100% ♀
0%
Tasso di cattura 100 (21.7%)
0%
Pokémon Alcremie
0%
Abilità Dolcevelo; Aromavelo
0%
Tipo Folletto
0%
Tasso di allevamento Medio-Veloce
0%
Generazione Ottava
0%
Stadio evoluzione Prima evoluzione
0%
Nessun quiz corrispondente trovato
Distribuzione punteggi
Percentuale di utenti per punteggio
Percentile per numero di risposta
I tuoi punteggi nel tempo
Non hai fatto questo quiz